Artistas Argentinos más escuchados en Spotify - Estadísticas

Estadísticas generales
  • Esta prueba ha sido intentada 205 veces
  • La puntuación promedio es 7 de 13
Estadísticas de respuestas
Oyentes Mensuales (millones) Artista % Correcto
17,5M Duki
93%
17,6M Emilia
87%
24,4M María Becerra
80%
24,9M TINI
77%
30,2M Bizarrap
75%
22,1M Nicki Nicole
72%
19,9M Trueno
69%
20,5M Tiago PZK
60%
16M Paulo Londra
50%
9,4M LIT Killah
42%
10,2M Soda Stereo
24%
8,4M Andrés Calamaro
9%
14,5M Los Enanitos Verdes
5%
No se encontraron pruebas coincidentes
Distribución de puntuación
Porcentaje de gente con cada puntuación
Porcentaje por número respondido
Historial de tus puntuaciones
No has intentado esta prueba.